Singapore NDP Quiz - Statistics

General Stats
  • This quiz has been taken 137 times
  • The average score is 16 of 17
Answer Stats
Question Answer % Correct
Which one of these countries was Singapore ruled by? British (UK)
98%
Which one of these is a Singlish word? La
98%
Which one of these is a language in Singapore? Malay
98%
Which country did Singapore merge with? Malaysia
98%
Which one of these is a cultural food in Singapore? Roti Prata
98%
What is Singapore in Malay? Singapura
98%
Which one of these is a famous surname in Singapore? Tan
98%
What does Singapore mean? Lion City
95%
Who is the first Prime Minister of Singapore? Mr. Lee Kwan Yew
95%
What is the short - form for Singapore? SG
95%
Which one of these is a city in Singapore? Woodlands
95%
What day is NDP? 9 August
93%
What is Singapore famous for? Changi Airport
93%
Who is the first President of Singapore? Mr. Yushof Bin
93%
What was Singapore named in the past? Temasek
93%
Which one of these countries was Singapore torched by? Japan
90%
Which one of these is a special fact about the MOE in Singapore? It has Kindergardan 2
33%
No matching quizzes found
Score Distribution
Percent of People with Each Score
Percentile by Number Answered
Your Score History
You have not taken this quiz